000 00346nam a2200133Ia 4500
005 20251222144648.0
008 251222s9999||||xx |||||||||||||| ||spa||
020 _a85-87739-54-9
082 _a868.900.9/C72
100 _aCouto Pereira, Helena Bonito
245 0 _aLíngua, literatura e cultura em diálogo
264 _bMackenzie
942 _cLIB
999 _c16941
_d16941